|
|
|
|
| LEADER |
00766nam a22001817a 4500 |
| 008 |
140212b xxu||||| |||| 00| 0 eng d |
| 999 |
|
|
|c 5544
|d 5544
|
| 020 |
|
|
|a 7767
|
| 082 |
|
|
|a 181.4 SHO
|b SHO
|
| 100 |
|
|
|a ഷൌക്കത്ത്
|
| 240 |
|
|
|a Athmavilninnu jeevithathilekku
|
| 245 |
|
|
|a ആത്മാവില്നിന്നു ജീവിതത്തിലേക്ക് /
|c ഷൌക്കത്ത്
|
| 260 |
|
|
|a കോഴിക്കോട്:
|b മാതൃഭൂമി ബുക്സ്,
|c 2013.
|
| 300 |
|
|
|a 112p.
|
| 650 |
|
|
|a Philosophy
|
| 700 |
|
|
|a Shoukath
|
| 942 |
|
|
|2 ddc
|c BK
|
| 952 |
|
|
|0 0
|1 0
|2 ddc
|4 0
|6 181_400000000000000_SHO
|7 0
|9 7895
|a MAIN
|b MAIN
|d 2014-02-12
|e Mathrubhumi Books
|g 75.00
|l 2
|o 181.4 SHO
|p 7767
|r 2017-11-14
|s 2017-11-13
|t 1
|w 2014-02-12
|y BK
|